ALCA: proyecto para la anexión /
Kaydedildi:
| Yazar: | |
|---|---|
| Materyal Türü: | Metin |
| Konular: | |
| Etiketler: |
Etiketle
Etiket eklenmemiş, İlk siz ekleyin!
|
MARC
| LEADER | 00000 a a2200000 04500 | ||
|---|---|---|---|
| 001 | 711 | ||
| 003 | |||
| 040 | |||
| 100 | |a Martínez, Osvaldo | ||
| 245 | |a ALCA: |b proyecto para la anexión / |c Osvaldo Martínez | ||
| 650 | |a CONVENIOS COMERCIALES | ||
| 650 | |a LIBRE COMERCIO | ||
| 650 | |a COMPETENCIA DESLEAL | ||
| 650 | |a RECESION ECONOMICA | ||
| 650 | |a TERRORISMO | ||
| 650 | |a MARGINALIDAD | ||
| 773 | |g número 344; páginas 12-16 | ||
| 999 | |c 39763 |d 39763 | ||
